000 00675nam a2200181Ia 4500
008 100920s9999 xx 000 0 und d
082 _b65132
_a891.43 थ 92
100 _aबनर्जी हिरण्यमय.
245 _aरवीन्द्रनाथ ठाकुर.
260 _bसूचना और प्रसारण मन्त्रालय, भारत सरकार.
_c1992
300 _a208
_bसाधी
365 _b30
520 _aहिंदी.
630 _aरवीन्द्रनाथ ठाकुर.
650 _aहिंदी.
730 _aरवीन्द्रनाथ ठाकुर.
942 _cBOOK
999 _c708018
_d708015